000 00877 a2200229 4500
005 2010050403513.0
008 100504t xxu||||| |||| 00| 0 eng d
010 _aENG-88935
020 _c795.00
_a9780195692174
035 _aEN-72468
037 _bDBAD / PUB
082 _a840.8
245 _aThe Oxford India anthology of modern urdu literature :
_cedited by Mehr Afshan Farooqi
_bfiction /
260 _aNew Delhi
_bOxford University Press
_c2008
270 _aYMCA Library Building, Jai Singh Road
_cNew Delhi
_e110 001
300 _axxxiii, 349p.;
_c23cm (Hb)
500 _aIncludes bibliographical references and index
700 _aFarooqi, Mehr Afshan
942 _adpl
_cEN
_k840.8 / OXF
_2ddc
999 _c9499
_d9499